Разработка и исследование средств контроля качества конденсата паровых турбин: диссертация на соискание ученой степени кандидата технических наук

Dades bibliogràfiques
Autor principal: Трухин Ю. В.
Autor corporatiu: Томский политехнический институт (ТПИ)
Altres autors: Минаев И. Г. (научный руководитель)
Idioma:rus
Publicat: Томск, [Б. и.], 1973
Matèries:
Format: MixedMaterials Llibre
KOHA link:https://koha.lib.tpu.ru/cgi-bin/koha/opac-detail.pl?biblionumber=225551

MARC

LEADER 00000nbm0a2200000 4500
001 225551
005 20231101230654.0
035 |a (RuTPU)RU\TPU\book\245902 
090 |a 225551 
100 |a 20121113d1973 k y0rusy50 ca 
101 0 |a rus 
102 |a RU 
105 |a a m 001zy 
200 1 |a Разработка и исследование средств контроля качества конденсата паровых турбин  |e диссертация на соискание ученой степени кандидата технических наук  |f Ю. В. Трухин  |g Томский политехнический институт (ТПИ) ; науч. рук. И. Г. Минаев 
210 |a Томск  |c [Б. и.]  |d 1973 
215 |a 177 л.  |c ил. 
320 |a Библиогр.: с. 168-177. 
606 1 |a Паровые турбины  |x Конденсаторы  |x Конденсационные устройства  |2 stltpush  |3 (RuTPU)RU\TPU\subj\48254  |9 67131 
610 1 |a конденсат 
610 1 |a качество 
610 1 |a контроль 
610 1 |a разработка 
610 1 |a исследование 
675 |a 621.165-169(04)  |v 3 
700 1 |a Трухин  |b Ю. В. 
702 1 |a Минаев  |b И. Г.  |4 727 
712 0 2 |a Томский политехнический институт (ТПИ)  |c (1944-1991)  |2 stltpush  |3 (RuTPU)RU\TPU\col\1123 
801 1 |a RU  |b 63413507  |c 20121113 
801 2 |a RU  |b 63413507  |c 20130627  |g RCR 
942 |c BK